| Поле | Название | Значение |
| |
Тип записи |
a |
| |
Библиографический уровень |
m |
| 001 |
Контрольный номер |
RU\NLR\bibl\1743122 |
| 005 |
Дата корректировки |
20201206204818.9 |
| 010 |
Индекс ISBN |
__ |
| a |
ISBN |
978-5-09-025607-0 |
| d |
Цена |
96-36; 300-00 |
| 100 |
Данные общей обработки |
__ |
| a |
Данные общей обработки |
19110303d2011 |||y0rusy0189 ca |
| 101 |
Язык документа |
__ |
| a |
Язык текста |
rus |
| 102 |
Страна публикации |
__ |
| a |
Страна публикации |
RU |
| 102 |
Страна публикации |
__ |
| a |
Страна публикации |
RU |
| 105 |
Кодированные данные (монография) |
__ |
| a |
Кодированные данные (монография) |
y |||||||zy |
| 200 |
Заглавие и сведения об ответственности |
1_ |
| a |
Заглавие |
Рожденные путешествовать |
| e |
Сведения, относящиеся к заглавию |
[для ст. шк. возраста] |
| f |
Первые сведения об ответственности |
В. Г. Бабенко ; ил. В. С. Акатьевой |
| b |
Общее обозначение материала |
Текст |
| 210 |
Выходные данные |
__ |
| a |
Место издания |
М. |
| c |
Издательство |
Просвещение |
| d |
Дата издания |
2011 |
| 215 |
Физическое описание |
__ |
| a |
Объем |
175 с. |
| c |
Иллюстрации/тип воспроизводства |
ил. |
| d |
Формат |
24 |
| 225 |
Серия |
__ |
| a |
Серия |
Твой кругозор |
| 330 |
Аннотация |
__ |
| a |
Аннотация |
Книга о том, как и зачем перемещаются представители животного мира нашей планеты |
| 606 |
Тематические рубрики |
__ |
| a |
Основная рубрика |
Биология |
| 606 |
Тематические рубрики |
__ |
| a |
Основная рубрика |
Зоология в целом |
| 610 |
Ключевые слова |
__ |
| a |
Ключевые слова |
миграция животных; животные; познавательная литература; животные; детская литература; морские животные; водные животные; хомяки; грызуны; раки; пресноводные; птицы; пернатые; водоплавающие; крокодилы; бегемоты; рептилии; аллигаторы; слоны; млекопитающие; лемминги; рыбы; кальмары; дятлы; орнитология; черви; улитки; морские ежи; хордовые; пауки; насекомые; лососи; креветки; еноты; журавли; вороны; синицы; олени; занимательная зоология |
| 686 |
Индексы других классификаций |
__ |
| a |
Классификационный индекс |
28.68; ст28.68 |
| 700 |
Автор |
_1 |
| a |
Фамилия |
Бабенко |
| b |
Имя |
В. Г. |
| f |
Даты |
1950- |
| g |
Полное личное имя |
Владимир Григорьевич |
| 4 |
Код отношения |
070 |
| 702 |
Вторичная интеллектуальная ответственность |
_1 |
| a |
Фамилия |
Акатьева |
| b |
Имя |
В. С. |
| 4 |
Код отношения |
Иллюстратор |
| 4 |
Код отношения |
440 |
| 801 |
Источник записи |
_0 |
| a |
Страна |
RU |
| b |
Организация |
Муниципальное бюджетное учреждение культуры "Централизованная библиотечная система" г. Сургут (Центральная городская библиотека им. А. С. Пушкина) |
| c |
Дата составления |
20110303 |
| g |
Правила каталогизации |
КиК/Поспелова; КиК/Елгина |
| 801 |
Источник записи |
_1 |
| a |
Страна |
RU |
| b |
Организация |
Муниципальное бюджетное учреждение культуры "Централизованная библиотечная система" г. Сургут (Центральная городская библиотека им. А. С. Пушкина) |
| c |
Дата составления |
20110303 |
| g |
Правила каталогизации |
КиК/Поспелова; КиК/Елгина |
| 852 |
Данные о местонахождении |
__ |
| j |
Шифр хранения |
28.68 |
| i |
Авторский знак |
Б 12 |
| 901 |
Тип документа |
__ |
| t |
Тип документа |
m |
| 903 |
Характеристики (МАРС) |
__ |
| a |
Дата передачи |
20120111; 20111213 |
| 990 |
Данные о заказе (DOS) |
__ |
| j |
Количество экземпляров (DOS) |
12; 1 |
| t |
N записи в КСУ для И/У (DOS) |
201202; 201201 |